Mapas de Bandeiras de Todos os Estados do Brasil - Statistics

Estatísticas Gerais
  • Esse quiz foi jogado 20 776 vezes
  • A pontuação média é 19 de 27
Estatísticas das Respostas
Imagem Resposta % Correto
Paraná
91%
Rio Grande do Sul
88%
Rio de Janeiro
85%
São Paulo
84%
Minas Gerais
81%
Goiás
80%
Tocantins
80%
Mato Grosso
79%
Paraíba
79%
Espírito Santo
76%
Pernambuco
75%
Acre
74%
Pará
71%
Bahia
70%
Distrito Federal
70%
Santa Catarina
66%
Amazonas
62%
Ceará
61%
Maranhão
61%
Roraima
61%
Amapá
57%
Mato Grosso do Sul
55%
Piauí
54%
Alagoas
51%
Rio Grande do Norte
50%
Rondônia
50%
Sergipe
46%
Nenhum quiz correspondente encontrado
Distribuição das Pontuações
Porcentagem de Pessoas com Cada Pontuação
Percentil de Números Respondidos
Sua Pontuação Histórica
Você não jogou esse quiz